[Event "4NCL/Div3/FCA1 vs. WWKS"]
[Site "Wokefield Park ENG"]
[Date "2008.03.01"]
[Round "7.2"]
[White "Mason, Don"]
[Black "Macdonald-Ross, Michael"]
[Result "1/2-1/2"]
[WhiteElo "2246"]
[BlackElo "2154"]
[PlyCount "57"]
[EventDate "2008.03.01"]
[EventType "team"]
[EventRounds "11"]
[EventCountry "ENG"]
[SourceDate "2007.09.15"]

1. e4 d6 2. d4 Nf6 3. Nc3 c6 4. h3 Qa5 5. Bd2 e5 6. Nf3 Qc7 7. a4 Be7 8. Bc4
O-O 9. O-O b6 10. Bg5 a6 11. d5 c5 12. Nh2 Ne8 13. Be3 Qd8 14. Qd2 Nd7 15. f4
exf4 16. Bxf4 Ne5 17. Bxe5 dxe5 18. Nf3 Bd6 19. Nd1 Bd7 20. Be2 Nf6 21. Nf2 Nh5
22. Nxe5 Ng3 23. Nxd7 Nxf1 24. Rxf1 Qxd7 25. Ng4 Qe7 26. Rf5 Qxe4 27. Bd3 Qd4+
28. Kh1 Rae8 29. c3 1/2-1/2

[Event "4NCL/Div3/FCA1 vs. WWKS"]
[Site "Wokefield Park ENG"]
[Date "2008.03.01"]
[Round "7.3"]
[White "Smith, Graham"]
[Black "James, Russell A"]
[Result "0-1"]
[WhiteElo "2116"]
[BlackElo "2225"]
[PlyCount "58"]
[EventDate "2008.03.01"]
[EventType "team"]
[EventRounds "11"]
[EventCountry "ENG"]
[SourceDate "2007.09.15"]

1. d4 Nf6 2. Nf3 c5 3. d5 d6 4. Nc3 g6 5. e4 Bg7 6. Be2 O-O 7. O-O e6 8. dxe6
Bxe6 9. Ng5 Nc6 10. Nxe6 fxe6 11. Bc4 Nd4 12. Bg5 Qc7 13. a4 Kh8 14. f3 Nd7 15.
Rf2 Ne5 16. Ba2 a6 17. Ne2 Qb6 18. Nxd4 cxd4 19. Bxe6 Rae8 20. Bh3 Qc5 21. Qc1
Nc4 22. c3 dxc3 23. bxc3 Rxe4 24. Raa2 Re5 25. f4 Re3 26. f5 Rxc3 27. Qf4 Ne3
28. g3 Nxf5 29. Bg2 h6 0-1

[Event "4NCL/Div3/FCA1 vs. WWKS"]
[Site "Wokefield Park ENG"]
[Date "2008.03.01"]
[Round "7.4"]
[White "Hynes, Anthony"]
[Black "Habershon, Paul"]
[Result "1-0"]
[WhiteElo "2251"]
[BlackElo "2094"]
[PlyCount "61"]
[EventDate "2008.03.01"]
[EventType "team"]
[EventRounds "11"]
[EventCountry "ENG"]
[SourceDate "2007.09.15"]

1. e4 Nf6 2. e5 Nd5 3. d4 d6 4. c4 Nb6 5. f4 dxe5 6. fxe5 g6 7. Nc3 Bg7 8. Nf3
O-O 9. Be3 Bg4 10. h3 Bxf3 11. Qxf3 Nc6 12. O-O-O a5 13. h4 f6 14. e6 f5 15.
Qf4 a4 16. h5 Qd6 17. c5 Qxf4 18. Bxf4 Nc8 19. Nb5 N8a7 20. Nxc7 Rac8 21. hxg6
hxg6 22. d5 Be5 23. Bxe5 Nxe5 24. d6 Nac6 25. Bb5 Rfd8 26. Bxa4 b6 27. dxe7
Nxe7 28. cxb6 Nd5 29. Rhe1 Nxb6 30. Rxd8+ Rxd8 31. Rxe5 1-0

[Event "4NCL/Div3/FCA1 vs. WWKS"]
[Site "Wokefield Park ENG"]
[Date "2008.03.01"]
[Round "7.5"]
[White "Fraser-Mitchell, Jeremy"]
[Black "Pitcher, John"]
[Result "1/2-1/2"]
[WhiteElo "2053"]
[BlackElo "2191"]
[PlyCount "33"]
[EventDate "2008.03.01"]
[EventType "team"]
[EventRounds "11"]
[EventCountry "ENG"]
[SourceDate "2007.09.15"]

1. d4 d5 2. c4 c6 3. cxd5 cxd5 4. Nc3 Nc6 5. Nf3 Nf6 6. Bf4 a6 7. Rc1 Bf5 8. e3
e6 9. Be2 Be7 10. O-O O-O 11. h3 h6 12. Na4 Nd7 13. Qb3 Na5 14. Qc3 Nc6 15. Qb3
Na5 16. Qc3 Nc6 17. Qb3 1/2-1/2

[Event "4NCL/Div3/FCA1 vs. WWKS"]
[Site "Wokefield Park ENG"]
[Date "2008.03.01"]
[Round "7.6"]
[White "Shephard, Chris C W"]
[Black "Williamson, Kevin J"]
[Result "1-0"]
[WhiteElo "2193"]
[BlackElo "2037"]
[PlyCount "83"]
[EventDate "2008.03.01"]
[EventType "team"]
[EventRounds "11"]
[EventCountry "ENG"]
[SourceDate "2007.09.15"]

1. c4 Nc6 2. Nc3 e5 3. Nf3 g6 4. d4 exd4 5. Nd5 Bg7 6. Bg5 f6 7. Bf4 d6 8. Nxd4
Nge7 9. Nb5 Nxd5 10. cxd5 Ne7 11. Rc1 O-O 12. Nxc7 Rb8 13. g3 b5 14. Bg2 g5 15.
Bd2 Ng6 16. O-O f5 17. b3 Qe7 18. Bb4 Be5 19. Qd2 f4 20. Ne6 Bxe6 21. dxe6 Rbc8
22. Rxc8 Rxc8 23. Rd1 Rd8 24. Qd5 Kg7 25. Rc1 Kf6 26. Qxb5 Qxe6 27. Rc7 fxg3
28. hxg3 h5 29. Bd5 Rb8 30. Qd3 Nf4 31. gxf4 Qg4+ 32. Kf1 gxf4 33. Rf7+ Kg5 34.
Bd2 Kh4 35. Qf3 Qxf3 36. Bxf3 Rg8 37. Rf5 Rg5 38. Rxg5 Kxg5 39. Kg2 h4 40. Kh3
Bd4 41. e3 fxe3 42. Bxe3+ 1-0

[Event "4NCL/Div3/FCA1 vs. WWKS"]
[Site "Wokefield Park ENG"]
[Date "2008.03.01"]
[Round "7.7"]
[White "Elwin, Adrian G"]
[Black "Addis, Mark"]
[Result "0-1"]
[WhiteElo "2033"]
[BlackElo "2090"]
[PlyCount "79"]
[EventDate "2008.03.01"]
[EventType "team"]
[EventRounds "11"]
[EventCountry "ENG"]
[SourceDate "2007.09.15"]

1. d4 Nf6 2. c4 g6 3. Nc3 Bg7 4. e4 d6 5. Nf3 O-O 6. Be2 e5 7. dxe5 dxe5 8.
Qxd8 Rxd8 9. Bg5 Re8 10. O-O-O Na6 11. Nxe5 Rxe5 12. Rd8+ Re8 13. Bxf6 Rxd8 14.
Bxd8 Bxc3 15. bxc3 Bh3 16. Rd1 Bxg2 17. f3 Bh3 18. c5 Nxc5 19. Bxc7 Be6 20. Bd6
Rc8 21. Kc2 a6 22. c4 b5 23. cxb5 Nxe4+ 24. Kb2 Nc3 25. Rd2 axb5 26. Be5 b4 27.
Ba6 Ra8 28. Rd6 Na4+ 29. Kb1 Nc5 30. Bb5 Bxa2+ 31. Kb2 Be6 32. Bc6 Rc8 33. Bd4
Nd3+ 34. Kc2 Nf4 35. Kb2 b3 36. Be5 Nh5 37. Bb7 Re8 38. Bc6 Rf8 39. Ba4 Rc8 40.
Bxb3 {time} 0-1

[Event "4NCL/Div3/MIN vs. ANGA1"]
[Site "Wokefield Park ENG"]
[Date "2008.03.01"]
[Round "7.1"]
[White "Minnican, Alan"]
[Black "Spence, David"]
[Result "1-0"]
[WhiteElo "2077"]
[BlackElo "2198"]
[PlyCount "103"]
[EventDate "2008.03.01"]
[EventType "team"]
[EventRounds "11"]
[EventCountry "ENG"]
[SourceDate "2007.09.15"]

1. Nf3 d5 2. g3 Nf6 3. Bg2 Bg4 4. O-O c6 5. d3 Nbd7 6. h3 Bh5 7. Nbd2 e5 8. Qe1
Bd6 9. e4 Qe7 10. a3 Bg6 11. Nh4 dxe4 12. dxe4 h6 13. Nc4 Bc7 14. Nxg6 fxg6 15.
Qb4 Nb6 16. Qxe7+ Kxe7 17. Na5 Nbd7 18. Bd2 Rab8 19. Bb4+ Bd6 20. Rad1 Bxb4 21.
axb4 g5 22. Rd2 Nb6 23. Rfd1 Rhc8 24. f3 c5 25. b5 c4 26. b3 cxb3 27. cxb3 Nfd7
28. Nc4 Rc5 29. Bf1 Rc7 30. Ne3 Nf6 31. Bc4 g6 32. Rd6 Nxc4 33. bxc4 Rd7 34.
Nd5+ Nxd5 35. Rxd7+ Kxd7 36. Rxd5+ Ke6 37. c5 Re8 38. Rd6+ Kf7 39. Kf2 Re6 40.
Rd7+ Re7 41. Rd5 b6 42. Ke3 bxc5 43. Rxc5 Re6 44. Rc7+ Re7 45. Rxe7+ Kxe7 46.
Kd3 Kd7 47. Kc4 Kd6 48. Kb4 Kc7 49. Kc5 Kb7 50. Kd6 Kb6 51. Kxe5 Kxb5 52. Kd6
1-0

[Event "4NCL/Div3/MIN vs. ANGA1"]
[Site "Wokefield Park ENG"]
[Date "2008.03.01"]
[Round "7.4"]
[White "Player, Edmund C"]
[Black "Parker, Robert"]
[Result "1/2-1/2"]
[WhiteElo "2126"]
[BlackElo "2092"]
[PlyCount "86"]
[EventDate "2008.03.01"]
[EventType "team"]
[EventRounds "11"]
[EventCountry "ENG"]
[SourceDate "2007.09.15"]

1. e4 e5 2. Nc3 Nf6 3. Bc4 Nc6 4. d3 Bb4 5. Nge2 d5 6. exd5 Nxd5 7. O-O Be6 8.
Bxd5 Bxd5 9. f4 O-O 10. f5 Bxc3 11. bxc3 f6 12. Ng3 Ne7 13. c4 Bc6 14. Be3 Qd7
15. Qg4 Kh8 16. Rf2 g6 17. Bh6 Rf7 18. fxg6 Qxg4 19. gxf7 Ng6 20. Raf1 Nf4 21.
f8=Q+ Rxf8 22. Bxf8 h5 23. Bh6 Bxg2 24. Rxg2 Nxg2 25. Kxg2 h4 26. Rxf6 hxg3 27.
hxg3 Kh7 28. Bf8 Qd1 29. Rf2 Kg6 30. Bb4 e4 31. dxe4 Qd4 32. Kf3 c5 33. Bd2
Qxc4 34. Be3 b6 35. Rd2 Qxa2 36. g4 a5 37. g5 Qe6 38. Rh2 Qf7+ 39. Bf4 Qc4 40.
Rh6+ Kf7 41. Rf6+ Ke7 42. Bd6+ Kd7 43. Be5 Qf1+ 1/2-1/2

[Event "4NCL/Div3/MIN vs. ANGA1"]
[Site "Wokefield Park ENG"]
[Date "2008.03.01"]
[Round "7.5"]
[White "Edwards, Ray B"]
[Black "Gray, Mark S"]
[Result "0-1"]
[WhiteElo "2124"]
[BlackElo "2101"]
[PlyCount "64"]
[EventDate "2008.03.01"]
[EventType "team"]
[EventRounds "11"]
[EventCountry "ENG"]
[SourceDate "2007.09.15"]

1. d4 Nf6 2. c4 e6 3. Nc3 d5 4. Bg5 Be7 5. cxd5 exd5 6. e3 c6 7. Bd3 h6 8. Bf4
Bg4 9. Qc2 Nh5 10. Be5 Nd7 11. h3 Be6 12. Bh2 Rc8 13. Nge2 c5 14. O-O O-O 15.
Rad1 Nb6 16. Bf5 Qd7 17. Bxe6 Qxe6 18. dxc5 Bxc5 19. Nd4 Bxd4 20. Rxd4 Rc4 21.
Rfd1 Rfc8 22. Qb3 Nf6 23. Qa3 Rxd4 24. Rxd4 Ne4 25. Qxa7 Nxc3 26. bxc3 Rxc3 27.
g4 Rxe3 28. Rb4 Re1+ 29. Kg2 Nc4 30. Qb8+ Kh7 31. Qf4 Re4 32. Qc7 Ne3+ 0-1

[Event "4NCL/Div3/MIN vs. ANGA1"]
[Site "Wokefield Park ENG"]
[Date "2008.03.01"]
[Round "7.6"]
[White "Gregory, Stephen J"]
[Black "James, Stephen B"]
[Result "1-0"]
[WhiteElo "2161"]
[BlackElo "2041"]
[PlyCount "95"]
[EventDate "2008.03.01"]
[EventType "team"]
[EventRounds "11"]
[EventCountry "ENG"]
[SourceDate "2007.09.15"]

1. e4 e5 2. Bc4 Nc6 3. Nf3 Bc5 4. Qe2 Nf6 5. c3 d6 6. d3 a6 7. Bb3 O-O 8. Nbd2
Ba7 9. h3 Ne7 10. Nf1 Ng6 11. g3 Be6 12. Ne3 Bxb3 13. axb3 d5 14. Nf5 Qd7 15.
Bg5 dxe4 16. dxe4 Qe6 17. Nd2 Ne7 18. Nxe7+ Qxe7 19. g4 Qe6 20. O-O-O Nd7 21.
f4 exf4 22. Bxf4 Rac8 23. Kc2 Rfe8 24. Rhe1 Qc6 25. Qc4 Qxc4 26. Nxc4 Nf8 27.
Na5 Ne6 28. Bc1 Rb8 29. b4 Bf2 30. Rf1 Bh4 31. Rd7 Re7 32. Rxe7 Bxe7 33. Be3
Kf8 34. Nc4 Ke8 35. Ne5 Bf6 36. Nf3 g6 37. h4 h5 38. gxh5 gxh5 39. Ng5 Ke7 40.
Nxf7 Bxh4 41. Ne5 Bg3 42. Ng6+ Kd6 43. Rd1+ Kc6 44. Ne7+ Kb5 45. Rd5+ c5 46.
Bxc5 Nxc5 47. Rxc5+ Kb6 48. Nc8+ 1-0

[Event "4NCL/Div3/MIN vs. ANGA1"]
[Site "Wokefield Park ENG"]
[Date "2008.03.01"]
[Round "7.7"]
[White "Hawkins, Nick"]
[Black "Wallis, Ian"]
[Result "1/2-1/2"]
[WhiteElo "2016"]
[BlackElo "1952"]
[PlyCount "111"]
[EventDate "2008.03.01"]
[EventType "team"]
[EventRounds "11"]
[EventCountry "ENG"]
[SourceDate "2007.09.15"]

1. e4 e5 2. Nf3 Nc6 3. Bc4 Nf6 4. d4 exd4 5. e5 Ne4 6. O-O d5 7. exd6 Nxd6 8.
Re1+ Be7 9. Bb3 Bg4 10. h3 Bh5 11. g4 Bg6 12. Nxd4 Nxd4 13. Qxd4 O-O 14. Nc3
Bf6 15. Qf4 Bxc3 16. bxc3 Re8 17. Ba3 Qh4 18. Bxd6 cxd6 19. Re3 h5 20. Rae1 Re5
21. Rxe5 dxe5 22. Rxe5 Qxh3 23. gxh5 Rd8 24. Bd5 Bxh5 25. Rg5 Bg6 26. Qe5 Kf8
27. Rg3 Qd7 28. c4 {=} b6 29. Qc3 Qf5 30. Qb4+ Kg8 31. Qe7 Rd7 32. Qe8+ Kh7 33.
Qe3 Rd6 34. Rh3+ Bh5 35. Be4 Rg6+ 36. Kf1 Qa5 37. Bxg6+ fxg6 38. a3 Qf5 39. Qd3
Qe5 40. c3 Qa5 41. f4 Kh6 42. Qd8 Kh7 43. Qd3 Kh6 {=} 44. Qe3 Qf5 45. Kg2 Kh7
46. Qe5 Qc2+ 47. Kg3 Qc1 48. Rxh5+ gxh5 49. Qxh5+ Kg8 50. Qd5+ Kh7 51. Qf5+ Kg8
52. Qe6+ Kh7 53. Qe4+ Kh6 54. Qe6+ Kh7 55. Qh3+ Kg8 56. Qe6+ 1/2-1/2

[Event "4NCL/Div3/MIN vs. ANGA1"]
[Site "Wokefield Park ENG"]
[Date "2008.03.01"]
[Round "7.8"]
[White "Egorova, Anna"]
[Black "Robson, Caroline"]
[Result "1-0"]
[WhiteElo "1950"]
[BlackElo "1680"]
[PlyCount "125"]
[EventDate "2008.03.01"]
[EventType "team"]
[EventRounds "11"]
[EventCountry "ENG"]
[SourceDate "2007.09.15"]

1. e4 c5 2. c4 e5 3. Nc3 Nf6 4. g3 Nc6 5. Nge2 Be7 6. Bg2 O-O 7. O-O d6 8. d3
Bd7 9. f4 Rb8 10. f5 a6 11. h3 b5 12. g4 b4 13. Nd5 Nxd5 14. cxd5 Nd4 15. Kh2
Bg5 16. Nxd4 cxd4 17. Bxg5 Qxg5 18. Kg3 Rbc8 19. h4 Qe7 20. g5 f6 21. Qd2 fxg5
22. hxg5 Rc7 23. Rac1 Rxc1 24. Rxc1 Rc8 25. Rf1 Rf8 26. Rh1 Bxf5 27. exf5 Rxf5
28. Rh5 g6 29. Be4 Rf4 30. Rh3 Qxg5+ 31. Kh2 Qf6 32. Kg2 Qg5+ 33. Rg3 Qf6 34.
Qe2 Qf7 35. Rg4 Rxg4+ 36. Qxg4 Kg7 37. Bf3 a5 38. Kf2 h6 39. Ke2 Qe7 40. Be4
Qf7 41. Qg1 g5 42. Qg4 Qe7 43. Bf5 Qf6 44. Be4 Qf7 45. Kd1 a4 46. Ke2 Qc7 47.
Qg2 Qc2+ 48. Kf3 Qxg2+ 49. Kxg2 Kf6 50. Kg3 h5 51. a3 b3 52. Bh7 Kg7 53. Bf5
Kf6 54. Bd7 e4 55. dxe4 d3 56. Bxa4 Ke5 57. Bxb3 Kxe4 58. a4 d2 59. a5 d1=Q 60.
Bxd1 Kxd5 61. a6 Kc6 62. b4 Kb6 63. b5 1-0

[Event "4NCL/Div3/JUTK vs. CAMB2"]
[Site "Wokefield Park ENG"]
[Date "2008.03.01"]
[Round "7.1"]
[White "Williams, Simon K"]
[Black "Mycroft, Richard"]
[Result "1-0"]
[WhiteElo "2482"]
[BlackElo "2143"]
[PlyCount "119"]
[EventDate "2008.03.01"]
[EventType "team"]
[EventRounds "11"]
[EventCountry "ENG"]
[SourceDate "2007.09.15"]

1. d4 Nf6 2. c4 g6 3. Nc3 Bg7 4. e4 d6 5. Be2 O-O 6. Be3 e5 7. d5 a5 8. g4 Na6
9. h4 Nc5 10. Bf3 Bd7 11. h5 c6 12. hxg6 fxg6 13. dxc6 Bxc6 14. Bxc5 dxc5 15.
Qxd8 Raxd8 16. g5 Ne8 17. Bg4 Nc7 18. Nge2 Rfe8 19. Nd5 Ne6 20. Bxe6+ Rxe6 21.
Nec3 Rd7 22. Ke2 Rf7 23. Rh3 Bf8 24. Nf6+ Kh8 25. Rah1 Ree7 26. Ncd5 Bxd5 27.
exd5 Rg7 28. d6 Ref7 29. Ne8 Rg8 30. Rf3 Rxf3 31. Kxf3 Be7 32. d7 Bxg5 33. Ke4
Rf8 34. Rd1 Rxf2 35. d8=Q Bxd8 36. Rxd8 Re2+ 37. Kd3 Rxb2 38. a4 h5 39. Rd7 e4+
40. Ke3 Kg8 41. Nf6+ Kf8 42. Kxe4 Rb4 43. Kd5 Rb6 44. Ke5 Rb4 45. Rh7 Rb6 46.
Rc7 Rb4 47. Rxc5 Rxa4 48. Rc7 Rb4 49. c5 Rb1 50. Ne4 a4 51. Nc3 Rb4 52. Kf6 Ke8
53. Ke6 Kf8 54. Nd5 Rb1 55. Rf7+ Ke8 56. Nf6+ Kd8 57. Kd6 Rd1+ 58. Nd5 Ke8 59.
Rxb7 a3 60. Ra7 1-0

[Event "4NCL/Div3/JUTK vs. CAMB2"]
[Site "Wokefield Park ENG"]
[Date "2008.03.01"]
[Round "7.2"]
[White "Robertson, J Stuart"]
[Black "Harakis, Alexis"]
[Result "0-1"]
[WhiteElo "2105"]
[BlackElo "2205"]
[PlyCount "98"]
[EventDate "2008.03.01"]
[EventType "team"]
[EventRounds "11"]
[EventCountry "ENG"]
[SourceDate "2007.09.15"]

1. d4 Nf6 2. c4 g6 3. Nc3 Bg7 4. e4 d6 5. Be2 O-O 6. Bg5 c5 7. d5 b5 8. cxb5
Qa5 9. Qd2 a6 10. bxa6 Bxa6 11. Bxa6 Qxa6 12. Nge2 Nbd7 13. O-O Rfb8 14. Rab1
Ne5 15. b3 Nd3 16. f3 Nb4 17. a4 Rb7 18. Nb5 Ne8 19. Nec3 Qa5 20. Rfc1 Rc8 21.
Be3 Na6 22. Ne2 Qd8 23. Qd3 Rcb8 24. Bd2 Nf6 25. Bc3 Nc7 26. Nxc7 Qxc7 27. Qc4
Bh6 28. Rc2 Nd7 29. a5 Rb5 30. b4 Qa7 31. Kf1 Rxa5 32. Rcb2 Ra4 33. Qd3 Rc8 34.
bxc5 Nxc5 35. Qb5 Be3 36. Bd2 Bxd2 37. Rxd2 Ra2 38. Rdb2 Rxb2 39. Qxb2 Nd3 40.
Qb6 Qa2 41. Rd1 Nb2 42. Re1 Rc2 43. Qd4 Qa6 44. Qe3 Nc4 45. Qd4 Rd2 46. Qc3 Qa2
47. Ra1 Ne3+ 48. Kg1 Rd1+ 49. Rxd1 Qxe2 0-1

[Event "4NCL/Div3/JUTK vs. CAMB2"]
[Site "Wokefield Park ENG"]
[Date "2008.03.01"]
[Round "7.3"]
[White "Mack, Andy"]
[Black "Jones, Richard M"]
[Result "1-0"]
[WhiteElo "2224"]
[BlackElo "2068"]
[PlyCount "91"]
[EventDate "2008.03.01"]
[EventType "team"]
[EventRounds "11"]
[EventCountry "ENG"]
[SourceDate "2007.09.15"]

1. e4 e5 2. Nf3 Nc6 3. d4 exd4 4. Nxd4 Nf6 5. Nxc6 bxc6 6. e5 Ne4 7. Nd2 Nxd2
8. Bxd2 d6 9. Bc3 Qg5 10. Qe2 Be7 11. h4 Qh6 12. exd6 cxd6 13. Qd2 Qe6+ 14. Be2
O-O 15. Rh3 f6 16. Re3 Qf7 17. h5 d5 18. h6 g6 19. O-O-O Bb7 20. Bg4 Bc8 21.
Bxc8 Rfxc8 22. Rde1 Bf8 23. Re6 Re8 24. Rxe8 Rxe8 25. Rxe8 Qxe8 26. Kd1 Qe4 27.
f3 Qh4 28. Qe3 Qh1+ 29. Be1 Qxh6 30. Qe6+ Kh8 31. Qxc6 Qf4 32. Qxd5 Bh6 33.
Qa8+ Kg7 34. Qxa7+ Kg8 35. Qa8+ Kg7 36. Qb7+ Kg8 37. Qd5+ Kg7 38. Qd7+ Kg8 39.
Bd2 Qh2 40. Qe8+ Kg7 41. Qe7+ Kg8 42. Bxh6 Qxh6 43. Qe2 Qh1+ 44. Kd2 Qh6+ 45.
Kc3 Qg5 46. a4 1-0

[Event "4NCL/Div3/JUTK vs. CAMB2"]
[Site "Wokefield Park ENG"]
[Date "2008.03.01"]
[Round "7.4"]
[White "Campbell, Mark"]
[Black "Naylor, John"]
[Result "0-1"]
[WhiteElo "2005"]
[BlackElo "2203"]
[PlyCount "114"]
[EventDate "2008.03.01"]
[EventType "team"]
[EventRounds "11"]
[EventCountry "ENG"]
[SourceDate "2007.09.15"]

1. e4 e5 2. Nf3 Nc6 3. Bb5 a6 4. Ba4 Nf6 5. O-O Be7 6. Re1 b5 7. Bb3 d6 8. c3
O-O 9. h3 Bb7 10. d4 Re8 11. Ng5 Rf8 12. f4 exf4 13. Bxf4 Na5 14. Bc2 Nd5 15.
Qh5 h6 16. exd5 Bxg5 17. Bg3 Re8 18. Na3 Be3+ 19. Kh2 Qg5 20. Qxg5 Bxg5 21. b4
Nc4 22. Nxc4 bxc4 23. Ba4 Rxe1 24. Bxe1 Bxd5 25. Rd1 c6 26. Bg3 Re8 27. Re1
Rxe1 28. Bxe1 f5 29. Bc2 Be4 30. Bd1 Kf7 31. Be2 Bd5 32. h4 Be3 33. h5 Kf6 34.
Bh4+ Bg5 35. Be1 Bf4+ 36. Kh3 Be3 37. Bh4+ Kf7 38. Be1 f4 39. Bd1 Be6+ 40. Kh2
g5 41. hxg6+ Kxg6 42. Bf3 d5 43. a4 Kg5 44. Bd1 h5 45. a5 h4 46. Ba4 Bd7 47.
Bd1 Bg4 48. Ba4 f3 49. gxf3 Bxf3 50. Bxh4+ Kxh4 51. Bxc6 Bd2 52. b5 Bxc3 53.
bxa6 Bxd4 54. a7 Bxa7 55. a6 c3 56. Bxd5 Bg1+ 57. Kxg1 Bxd5 0-1

[Event "4NCL/Div3/JUTK vs. CAMB2"]
[Site "Wokefield Park ENG"]
[Date "2008.03.01"]
[Round "7.5"]
[White "Rich, Mark"]
[Black "Gooding, Ian"]
[Result "1-0"]
[WhiteElo "2173"]
[BlackElo "1968"]
[PlyCount "67"]
[EventDate "2008.03.01"]
[EventType "team"]
[EventRounds "11"]
[EventCountry "ENG"]
[SourceDate "2007.09.15"]

1. e4 e6 2. Qe2 c5 3. g3 Nc6 4. Bg2 Nf6 5. Nc3 d6 6. f4 Be7 7. d3 O-O 8. Nf3
Rb8 9. O-O b5 10. h3 b4 11. Nd1 a5 12. g4 Ba6 13. g5 Nh5 14. Qf2 f6 15. h4 fxg5
16. fxg5 d5 17. exd5 exd5 18. Ne3 Nf4 19. Ng4 Bc8 20. Bxf4 Rxf4 21. Ne3 Nd4 22.
Qe1 Be6 23. Nxd4 Rxd4 24. Nf5 Bxf5 25. Rxf5 Qd6 26. Qf2 Rf8 27. Rf1 Rd8 28. Rf7
Rg4 29. Qe2 Rxh4 30. Qxe7 Qh2+ 31. Kf2 Rf4+ 32. Rxf4 Qxf4+ 33. Kg1 Qd4+ 34. Kh2
1-0

[Event "4NCL/Div3/JUTK vs. CAMB2"]
[Site "Wokefield Park ENG"]
[Date "2008.03.01"]
[Round "7.6"]
[White "Kapadia, Sujit"]
[Black "Donovan, Nigel"]
[Result "1/2-1/2"]
[WhiteElo "1915"]
[BlackElo "2129"]
[PlyCount "61"]
[EventDate "2008.03.01"]
[EventType "team"]
[EventRounds "11"]
[EventCountry "ENG"]
[SourceDate "2007.09.15"]

1. d4 Nf6 2. c4 e6 3. Nc3 Bb4 4. Qc2 O-O 5. Bg5 c5 6. dxc5 Na6 7. Nf3 Nxc5 8.
Nd2 h6 9. Bh4 d5 10. cxd5 g5 11. Bg3 exd5 12. a3 Bxc3 13. Qxc3 Ne6 14. Be5 Ng4
15. Bd4 Bd7 16. Nf3 Rc8 17. Qd2 Nxd4 18. Nxd4 Qf6 19. e3 Rfe8 20. Nf3 Bf5 21.
Qd4 Qg6 22. Bb5 Red8 23. O-O a6 24. Ba4 Rc4 25. Qd1 Bd3 26. Re1 Bc2 27. Bxc2
Qxc2 28. Qe2 Rdc8 29. Nd2 R4c6 30. h3 Nf6 31. Nf3 1/2-1/2

[Event "4NCL/Div3/JUTK vs. CAMB2"]
[Site "Wokefield Park ENG"]
[Date "2008.03.01"]
[Round "7.7"]
[White "Rice, Chris"]
[Black "Liu, Beinan"]
[Result "1-0"]
[WhiteElo "2099"]
[BlackElo "1875"]
[PlyCount "81"]
[EventDate "2008.03.01"]
[EventType "team"]
[EventRounds "11"]
[EventCountry "ENG"]
[SourceDate "2007.09.15"]

1. c4 e5 2. g3 g6 3. Bg2 Bg7 4. Nc3 Ne7 5. e4 d6 6. Nge2 Nbc6 7. O-O O-O 8. d3
Bd7 9. Nd5 Nxd5 10. cxd5 Ne7 11. Be3 c6 12. dxc6 Bxc6 13. d4 Qa5 14. d5 Bd7 15.
b4 Qa3 16. Qc1 Qxc1 17. Rfxc1 Rfc8 18. Rxc8+ Bxc8 19. Rc1 b6 20. Rc7 Kf8 21.
Nc3 Ba6 22. b5 Bc8 23. a4 Ke8 24. Na2 Kd8 25. Rc1 Bd7 26. Nb4 Rc8 27. Nc6+ Nxc6
28. bxc6 Be8 29. a5 bxa5 30. Bxa7 Kc7 31. Rb1 Bxc6 32. Bb6+ Kd7 33. Bh3+ f5 34.
dxc6+ Rxc6 35. exf5 Ke7 36. fxg6 hxg6 37. Bxa5 Kf6 38. Bd8+ Kf7 39. Rb7+ Kg8
40. Be6+ Kh8 41. Be7 1-0

[Event "4NCL/Div3/JUTK vs. CAMB2"]
[Site "Wokefield Park ENG"]
[Date "2008.03.01"]
[Round "7.8"]
[White "Owens, Megan"]
[Black "Wilson, Alexandra"]
[Result "0-1"]
[WhiteElo "1781"]
[BlackElo "2070"]
[PlyCount "78"]
[EventDate "2008.03.01"]
[EventType "team"]
[EventRounds "11"]
[EventCountry "ENG"]
[SourceDate "2007.09.15"]

1. d4 Nf6 2. c4 g6 3. Nc3 d5 4. cxd5 Nxd5 5. Qb3 Nb6 6. e3 Bg7 7. a4 Be6 8. Qd1
O-O 9. Nf3 c5 10. a5 Nc8 11. Be2 Nc6 12. dxc5 Bxc3+ 13. bxc3 Qc7 14. Nd4 Rd8
15. Qa4 Bd5 16. f3 e5 17. Nb5 Qe7 18. c4 Be6 19. Kf2 {=} a6 20. Nc3 Qxc5 21.
Ne4 Qa7 22. Rb1 N8e7 23. Ba3 Bf5 24. Bc5 Qb8 25. Bb6 Bxe4 26. Bxd8 Bxb1 27.
Bxe7 Nxe7 28. Rxb1 Qc7 29. Rd1 Nc6 30. Rd5 e4 31. f4 Rd8 32. Rc5 Rd2 33. Rd5
Rb2 34. Rc5 Qe7 35. Rxc6 bxc6 36. Qxc6 Qh4+ 37. Kg1 Qe1+ 38. Bf1 Qf2+ 39. Kh1
Qxf1# 0-1

[Event "4NCL/Div3/SWD2 vs. SLOS2"]
[Site "Wokefield Park ENG"]
[Date "2008.03.01"]
[Round "7.1"]
[White "Thomas, Joseff"]
[Black "de Coverly, Roger"]
[Result "1-0"]
[WhiteElo "2080"]
[BlackElo "2092"]
[PlyCount "81"]
[EventDate "2008.03.01"]
[EventType "team"]
[EventRounds "11"]
[EventCountry "ENG"]
[SourceDate "2007.09.15"]

1. e4 e5 2. Bc4 Nf6 3. Nf3 Nc6 4. d3 Be7 5. Nc3 d6 6. Bb3 O-O 7. Be3 Na5 8. h3
Nxb3 9. axb3 c5 10. Qd2 Bd7 11. O-O Ne8 12. Nd5 f5 13. exf5 Bxf5 14. Ng5 Nc7
15. Nxe7+ Qxe7 16. Ne4 b6 17. Ng3 Bg6 18. Rfe1 Qd7 19. b4 Nd5 20. bxc5 bxc5 21.
Ne4 Nb4 22. Nxc5 dxc5 23. Bxc5 Nc6 24. Bxf8 Rxf8 25. Qc3 Be8 26. b4 Qf5 27. Qd2
Nd4 28. Rxa7 Bc6 29. f4 Qg6 30. Kh2 exf4 31. Qf2 f3 32. g3 Nf5 33. b5 Bxb5 34.
Qxf3 Bc6 35. Qg4 Qf6 36. Rf1 h5 37. Qc4+ Kh8 38. Ra6 Qe5 39. Qf4 Qd5 40. Qe4
Qb5 41. Rxc6 1-0

[Event "4NCL/Div3/SWD2 vs. SLOS2"]
[Site "Wokefield Park ENG"]
[Date "2008.03.01"]
[Round "7.2"]
[White "Ruston, Mark R"]
[Black "Brown, Alan M"]
[Result "1-0"]
[WhiteElo "2116"]
[BlackElo "2149"]
[PlyCount "51"]
[EventDate "2008.03.01"]
[EventType "team"]
[EventRounds "11"]
[EventCountry "ENG"]
[SourceDate "2007.09.15"]

1. e4 e6 2. d4 d5 3. Nd2 Nf6 4. e5 Nfd7 5. f4 c5 6. c3 Nc6 7. Ndf3 Qb6 8. h4
cxd4 9. cxd4 Bb4+ 10. Kf2 f6 11. Be3 Qd8 12. Bd3 Nb6 13. Qc2 f5 14. g4 Be7 15.
a3 g6 16. h5 Kf7 17. Nh3 Bd7 18. Nhg5+ Kg7 19. Rag1 Bxg5 20. Nxg5 Ne7 21. gxf5
Nxf5 22. Nxe6+ Bxe6 23. Bxf5 Rc8 24. Qb1 Bxf5 25. Qxf5 Rc6 26. e6 1-0

[Event "4NCL/Div3/SWD2 vs. SLOS2"]
[Site "Wokefield Park ENG"]
[Date "2008.03.01"]
[Round "7.3"]
[White "Roberts, David L"]
[Black "Armstrong, Malcolm"]
[Result "1-0"]
[WhiteElo "2109"]
[BlackElo "2109"]
[PlyCount "63"]
[EventDate "2008.03.01"]
[EventType "team"]
[EventRounds "11"]
[EventCountry "ENG"]
[SourceDate "2007.09.15"]

1. e4 c6 2. Nf3 d5 3. Nc3 Bg4 4. h3 Bxf3 5. Qxf3 e6 6. d3 Nf6 7. Bd2 Na6 8.
O-O-O Nc7 9. g4 Bb4 10. g5 Nd7 11. h4 d4 12. Nb1 Bxd2+ 13. Nxd2 Qe7 14. Qg3 e5
15. Bh3 Ne6 16. Bxe6 Qxe6 17. Kb1 O-O-O 18. Rdf1 h6 19. f4 f6 20. f5 Qf7 21.
Rfg1 Rdg8 22. Rh2 g6 23. h5 gxf5 24. g6 f4 25. Qg4 Qe7 26. Rhg2 Re8 27. g7 Rhg8
28. Qg6 Nc5 29. Qxh6 Ne6 30. Nf3 Nd8 31. Qg6 Qf7 32. h6 1-0

[Event "4NCL/Div3/SWD2 vs. SLOS2"]
[Site "Wokefield Park ENG"]
[Date "2008.03.01"]
[Round "7.4"]
[White "Edgell, Ben P"]
[Black "Burton, Graham P"]
[Result "1/2-1/2"]
[WhiteElo "2092"]
[BlackElo "2103"]
[PlyCount "39"]
[EventDate "2008.03.01"]
[EventType "team"]
[EventRounds "11"]
[EventCountry "ENG"]
[SourceDate "2007.09.15"]

1. Nf3 e6 2. g3 b6 3. Bg2 Bb7 4. O-O c5 5. c4 Nf6 6. Nc3 Be7 7. d4 cxd4 8. Qxd4
Nc6 9. Qd2 a6 10. b3 O-O 11. Bb2 d6 12. Rfd1 Qc7 13. Rac1 Ne5 14. Qd4 Rfd8 15.
e4 Bf8 16. Ne1 Rac8 17. h3 Ned7 18. Nc2 Qb8 19. Ne3 Nc5 20. Ng4 1/2-1/2